Word Ladder Plus Quiz Stats

Quiz Updated Jun 9, 2016

Also try: Word Ladder: Plus
Challenge
Share
Tweet
Embed
Score 0/32 Timer 04:00
0 Plays Today
Clue Word % Correct
Rearrange 'Garner'
to get Texas lawman
Ranger
87.3%
EquipmentGear
77.4%
Senior: Golden ____Ager
76.4%
Lucky four-leaf plantClover
74.2%
Large partyRager
73.5%
Largest internal organLiver
72.3%
ParamourLover
70.9%
At one timeOnce
69.1%
Tiny splinter or
Sharon Stone thriller
Sliver
66.3%
Explorer de LeonPonce
65.4%
TrembleShiver
64.6%
Whisker trimmerShaver
61.4%
Group of witchesCoven
59.3%
British coinsPence
59.1%
Big Lebowski, Fargo brothersCoen
58.5%
Split, as a hoofCloven
56.2%
Clue Word % Correct
Male oxSteer
53.5%
Nervous; anxiousTense
49.3%
Short; to the pointTerse
48.9%
Rode whitewaterRafted
46.1%
More depressedSadder
44.7%
Made an assessment of qualityRated
44.7%
To walk onTread
43.5%
Fashioned by handCrafted
41.7%
FearDread
40%
Packed in a wooden boxCrated
39.9%
ViperAdder
39.7%
Volcanic coneCrater
39.3%
Device with an abrasive beltSander
38.2%
One who strongly desiresCraver
38.1%
DefameSlander
37.4%
Atoll dwellerIslander
26.8%

You're not logged in!

Compare scores with friends on all Sporcle quizzes.
Sign Up with Email
OR
Log In

You Might Also Like...

Show Comments

Extras

Top Quizzes Today


Score Distribution

Your Account Isn't Verified!

In order to create a playlist on Sporcle, you need to verify the email address you used during registration. Go to your Sporcle Settings to finish the process.